01501nam a2200289 a 450000100100000000500170001000800410002704000250006804100130009308200200010610000320012624501190015826001200027730000200039749000460041753400670046365000560053065000440058665000450063065000500067570000440072583000530076995201180082295201240094095201300106499900170119400002517620200930023617.0110210s1971 mx 000 0 spa d aDO-SdBNPbspacBNPHU17aspaheng a658.3145bB658c1 aBlumenthal, Louis H.95165010aCómo trabajar con su consejo y sus comités /cLouis H. Blumenthal ; traducción de René Cárdenas Barrios. aMéxico :bCentro Regional de Ayuda Técnica. Agencia para el Desarrollo Internacional ;bEditorial Diana,c1971. a79 p. ;c18 cm.1 aBiblioteca para el director de grupos.v3 aTítulo original :tHow to work with your board and commitees 4aRelaciones interpersonalesxAdministración951651 4aTrabajo socialxAdministración951652 4aAcción socialxAdministración951653 4aInteracción socialxAdministración9516541 aCárdenas Barrios, René,etr.912537 0aBiblioteca para el director de grupos.n3951655 001050718MOaGRbGRcHDd2011-02-10iLF1l0o658.3145 B658cp25176-10r2020-06-25w2020-06-25y1ZNo se presta 001050718MOaGRbGRcHDd2011-02-10iLF1l0o658.3145 B658cp25176-20r2020-06-25te. 2w2020-06-25y1ZNo se presta 001054708MOaGRbGRcHDd2017-06-02iLF1l0o658.3145 B658cp25176-30r2020-06-25te. 3w2020-06-25y4ZPréstamo en sala c24669d24669